| 000 | 00332cam a22001097a 4500 | ||
|---|---|---|---|
| 008 | 180718b1962 xxu||||| |||| 00| 0 eng d | ||
| 082 | _aN6503x54 In2 | ||
| 245 |
_aArmy rules 1 Oct, 1962 _cby Ministry of Home Affairs |
||
| 260 |
_aNew Delhi _bMinistry of Home Affairs _c1962 |
||
| 300 | _av.p. | ||
| 700 | _aIndia.Ministry of Home Affairs | ||
| 999 |
_c493947 _d493947 |
||